[Event "Szolnok Agora op 2nd"]
[Site "Szolnok"]
[Date "2023.06.29"]
[Round "1"]
[White "Martin, Bela Jr"]
[Black "Aranyasz, Robert"]
[Result "1-0"]
[WhiteElo "2019"]
[BlackElo "1405"]
[PlyCount "101"]
[EventDate "2023.06.29"]
[EventType "swiss"]
[EventRounds "7"]
[EventCountry "HUN"]
[SourceTitle "EXT 2024"]
[Source "ChessBase"]
[SourceDate "2023.10.10"]
[SourceVersion "1"]
[SourceVersionDate "2023.10.10"]
[SourceQuality "1"]

1. e4 c5 2. Nf3 Nc6 3. Bc4 d6 4. 0-0 Nf6 5. Re1 g6 6. c3 Bg7 7. h3 0-0 8. Bb3 b5 9. d4 c4 10. Bc2 h6 11. Nbd2 d5 12. e5 Nh7 13. Nf1 e6 14. N1h2 a5 15. h4 h5 16. Ng5 Bd7 17. Nxh7 Kxh7 18. Qxh5+ Kg8 19. Qg4 f5 20. Qg3 Kf7 21. Nf3 Rh8 22. Ng5+ Kg8 23. Nf3 Be8 24. Bg5 Qd7 25. Qf4 Bf7 26. g3 Rf8 27. Kg2 Rh5 28. Rh1 Be8 29. Ng1 Kh7 30. Bd1 Rh6 31. Nh3 Rh8 32. Bxh6 Bxh6 33. Ng5+ Kg7 34. Be2 b4 35. Qe3 Rf8 36. f4 Bf7 37. Nf3 Kh7 38. b3 bxc3 39. Qxc3 Rc8 40. Rhc1 Bf8 41. bxc4 Bb4 42. Qe3 Ne7 43. a3 dxc4 44. Bxc4 Nd5 45. Bxd5 Rxc1 46. Rxc1 Bxa3 47. Qxa3 Qxd5 48. Qf8 Qb7 49. Qc8 Qe4 50. Qc2 Qd5 51. Qc6 1-0

[Event "HUN-chT2 Breyer 2223"]
[Site "Hungary"]
[Date "2023.04.23"]
[Round "11.10"]
[White "Magyar, Erik Ferenc"]
[Black "Martin, Bela Jr"]
[Result "0-1"]
[WhiteElo "1533"]
[BlackElo "2024"]
[PlyCount "45"]
[EventDate "2022.10.16"]
[EventType "team-tourn"]
[EventRounds "11"]
[EventCountry "HUN"]
[SourceTitle "EXT 2025"]
[Source "ChessBase"]
[SourceDate "2024.10.14"]
[SourceVersion "1"]
[SourceVersionDate "2024.10.14"]
[SourceQuality "1"]
[WhiteTeam "Varosgazda Akademia"]
[BlackTeam "Barcza BEAC"]
[WhiteTeamCountry "HUN"]
[BlackTeamCountry "HUN"]

1. d4 Nf6 2. c4 g6 3. Nc3 Bg7 4. e4 d6 5. f4 0-0 6. Nf3 c5 7. d5 e6 8. Be2 exd5 9. exd5 Nh5 10. Ng5 h6 11. Nge4 Nf6 12. 0-0 Re8 13. Nf2 Nh7 14. g4 f5 15. Kh1 a6 16. Bd3 Qh4 17. Qc2 Bd4 18. Ncd1 Nf6 19. gxf5 Qh5 20. Ne4 Nxe4 21. Bxe4 Bxf5 22. Bxf5 Re2 23. Nf2 0-1

[Event "HUN-chT2 Breyer 2223"]
[Site "Hungary"]
[Date "2023.01.29"]
[Round "6.7"]
[White "Dibusz, Ferenc"]
[Black "Martin, Bela Jr"]
[Result "1/2-1/2"]
[WhiteElo "2149"]
[BlackElo "2037"]
[PlyCount "110"]
[EventDate "2022.10.16"]
[EventType "team-tourn"]
[EventRounds "11"]
[EventCountry "HUN"]
[SourceTitle "EXT 2025"]
[Source "ChessBase"]
[SourceDate "2024.10.14"]
[SourceVersion "1"]
[SourceVersionDate "2024.10.14"]
[SourceQuality "1"]
[WhiteTeam "Naszaly Geniusz Tata"]
[BlackTeam "Barcza BEAC"]
[WhiteTeamCountry "HUN"]
[BlackTeamCountry "HUN"]

1. c4 c6 2. e4 d5 3. cxd5 cxd5 4. exd5 Nf6 5. Bb5+ Nbd7 6. Nc3 a6 7. Bxd7+ Qxd7 8. Nf3 Nxd5 9. 0-0 Nxc3 10. dxc3 Qxd1 11. Rxd1 Bg4 12. Be3 f6 13. Bb6 e5 14. h3 Be6 15. b3 Be7 16. c4 Rc8 17. Nd2 Rc6 18. Be3 0-0 19. Ne4 Rd8 20. Kf1 Kf7 21. Ke2 Rxd1 22. Rxd1 h5 23. f3 h4 24. Nf2 g5 25. Ng4 b5 26. c5 a5 27. Rc1 Bf8 28. Nf2 Bf5 29. Nd1 Ke6 30. a3 b4 31. axb4 axb4 32. Nb2 Kd5 33. Na4 e4 34. Rc4 exf3+ 35. Kxf3 Ra6 36. Rxb4 Kc6 37. Rb8 Be7 38. Re8 Kd7 39. Rb8 Kc6 40. Rb4 Be6 41. Nc3 Bxc5 42. Bxc5 Kxc5 43. Rb5+ Kd4 44. Ne2+ Kd3 45. b4 Rd6 46. Rc5 f5 47. Kf2 Bd5 48. g3 hxg3+ 49. Nxg3 f4 50. Ne2 Rd7 51. h4 gxh4 52. Nxf4+ Ke4 53. Nxd5 Rxd5 54. Rc4+ Rd4 55. Rxd4+ Kxd4 1/2-1/2

[Event "HUN-chT2 Breyer 2122"]
[Site "Hungary"]
[Date "2022.03.20"]
[Round "8.8"]
[White "Nagy, Aron"]
[Black "Martin, Bela Jr"]
[Result "1-0"]
[WhiteElo "2074"]
[BlackElo "1984"]
[PlyCount "53"]
[EventDate "2021.10.10"]
[EventType "team-tourn"]
[EventRounds "9"]
[EventCountry "HUN"]
[SourceTitle "EXT 2025"]
[Source "ChessBase"]
[SourceDate "2024.10.14"]
[SourceVersion "1"]
[SourceVersionDate "2024.10.14"]
[SourceQuality "1"]
[WhiteTeam "Biatorbagy II"]
[BlackTeam "Barcza BEAC"]
[WhiteTeamCountry "HUN"]
[BlackTeamCountry "HUN"]

1. d4 d5 2. Nf3 Nf6 3. c4 c6 4. Nc3 e6 5. Bg5 Nbd7 6. e3 Qa5 7. cxd5 Nxd5 8. Qd2 Bb4 9. Rc1 Nxc3 10. bxc3 Ba3 11. Rb1 0-0 12. Bd3 Re8 13. Bf4 b6 14. Qc2 h6 15. 0-0 Ba6 16. c4 Bf8 17. Rfd1 Rac8 18. e4 b5 19. c5 Qd8 20. a4 e5 21. Nxe5 Nxe5 22. Bxe5 f6 23. Bf4 Qxd4 24. Bxb5 Qxe4 25. Qxe4 Rxe4 26. Bxa6 Rce8 27. Bd6 1-0

[Event "Budapest-chT1 Lilienthal 1314"]
[Site "Budapest"]
[Date "2013.09.29"]
[Round "1"]
[White "Martin, Bela Jr"]
[Black "Molnar, Jozsef"]
[Result "0-1"]
[WhiteElo "2051"]
[BlackElo "2193"]
[PlyCount "96"]
[EventDate "2013.09.29"]
[EventType "team-tourn"]
[EventRounds "11"]
[EventCountry "HUN"]
[SourceTitle "EXT 2021"]
[Source "ChessBase"]
[SourceDate "2020.10.23"]
[SourceVersion "1"]
[SourceVersionDate "2020.10.23"]
[SourceQuality "1"]
[WhiteTeam "Barcza GSC"]
[BlackTeam "Budapest EAC III"]
[WhiteTeamCountry "HUN"]
[BlackTeamCountry "HUN"]

1. e4 e6 2. d4 d5 3. Nd2 dxe4 4. Nxe4 Nd7 5. Nf3 Ngf6 6. Bg5 Be7 7. Bxf6 gxf6 8. Qd2 f5 9. Ng3 h5 10. h4 Bf6 11. 0-0-0 Nb6 12. Kb1 Qe7 13. Bd3 Qd6 14. Rhe1 Kf8 15. c3 Bd7 16. Ne5 Rd8 17. Qe2 c5 18. Nxd7+ Nxd7 19. dxc5 Nxc5 20. Bxf5 Qf4 21. Rxd8+ Bxd8 22. Bc2 Bxh4 23. Qe3 Qxe3 24. Rxe3 b6 25. b4 Nd7 26. Ne4 Be7 27. Rh3 h4 28. Nd2 Ne5 29. Kb2 Rg8 30. g3 hxg3 31. Rxg3 Rxg3 32. fxg3 f5 33. Kb3 Bd6 34. a4 Ke7 35. Nf1 Kf6 36. c4 Nc6 37. b5 Nd4+ 38. Kc3 Ne2+ 39. Kd3 Nxg3 40. Nxg3 Bxg3 41. Ke3 Bd6 42. Bd1 Bc5+ 43. Kf4 e5+ 44. Kf3 e4+ 45. Kf4 Bd6+ 46. Ke3 Ke5 47. Bc2 Bc5+ 48. Ke2 Kd4 0-1

[Event "Budapest-chT1 Lilienthal 1213"]
[Site "Budapest"]
[Date "2013.05.05"]
[Round "11"]
[White "Martin, Bela Jr"]
[Black "Yip, Michael"]
[Result "1/2-1/2"]
[WhiteElo "2034"]
[BlackElo "2087"]
[PlyCount "66"]
[EventDate "2012.09.30"]
[EventType "team-tourn"]
[EventRounds "11"]
[EventCountry "HUN"]
[SourceTitle "EXT 2019"]
[Source "ChessBase"]
[SourceDate "2018.10.10"]
[SourceVersion "1"]
[SourceVersionDate "2018.10.10"]
[SourceQuality "1"]
[WhiteTeam "Barcza GSC"]
[BlackTeam "Budapest RAC"]
[WhiteTeamCountry "HUN"]
[BlackTeamCountry "HUN"]

1. e4 d6 2. d4 Nf6 3. Nc3 e5 4. dxe5 dxe5 5. Qxd8+ Kxd8 6. Bg5 c6 7. 0-0-0+ Ke8 8. f3 Nbd7 9. Be3 Bc5 10. Bxc5 Nxc5 11. g3 a5 12. Nh3 Ke7 13. Nf2 Ne6 14. Ne2 Rd8 15. Rxd8 Kxd8 16. Nd3 Nd7 17. f4 f6 18. Bg2 Ke7 19. c3 Ndc5 20. Nxc5 Nxc5 21. h3 Be6 22. b3 exf4 23. gxf4 f5 24. e5 Rd8 25. Kc2 Bd5 26. Bxd5 Rxd5 27. Nd4 g6 28. Rd1 Ne4 29. h4 Rd7 30. b4 axb4 31. cxb4 Nf2 32. Rd2 Ne4 33. Rd1 Nf2 1/2-1/2

[Event "Budapest-chT1 Lilienthal 1213"]
[Site "Budapest"]
[Date "2013.02.03"]
[Round "7"]
[White "Csillag, Janos"]
[Black "Martin, Bela Jr"]
[Result "0-1"]
[WhiteElo "1925"]
[BlackElo "2034"]
[PlyCount "74"]
[EventDate "2012.09.30"]
[EventType "team-tourn"]
[EventRounds "11"]
[EventCountry "HUN"]
[SourceTitle "EXT 2019"]
[Source "ChessBase"]
[SourceDate "2018.10.10"]
[SourceVersion "1"]
[SourceVersionDate "2018.10.10"]
[SourceQuality "1"]
[WhiteTeam "Taban Spartacus II"]
[BlackTeam "Barcza GSC"]
[WhiteTeamCountry "HUN"]
[BlackTeamCountry "HUN"]

1. d4 d5 2. c4 c6 3. Nc3 Nf6 4. Nf3 a6 5. e3 b5 6. cxd5 cxd5 7. Bd3 Bb7 8. Ne5 e6 9. 0-0 Bd6 10. f4 Nbd7 11. Bd2 Rc8 12. Qf3 0-0 13. Be1 b4 14. Nd1 Ne4 15. Qh3 Qe8 16. Bh4 Be7 17. Nf2 Bxh4 18. Qxh4 f6 19. Nxd7 Qxd7 20. Ng4 Qf7 21. Rf3 Rc7 22. Bxe4 dxe4 23. Rh3 h5 24. Rf1 Qg6 25. Qxh5 Qxh5 26. Rxh5 Rc2 27. Rc5 Rxb2 28. f5 Bd5 29. fxe6 Bxe6 30. Nf2 f5 31. d5 Bd7 32. Ra5 Bb5 33. Rd1 Rd8 34. g4 g6 35. gxf5 gxf5 36. d6 Kf7 37. Rd4 Rg8+ 0-1

[Event "Budapest-chT1 Lilienthal 1213"]
[Site "Budapest"]
[Date "2012.11.11"]
[Round "3"]
[White "Martin, Bela Jr"]
[Black "Lakat, Gyula"]
[Result "1-0"]
[WhiteElo "2034"]
[BlackElo "1885"]
[PlyCount "75"]
[EventDate "2012.09.30"]
[EventType "team-tourn"]
[EventRounds "11"]
[EventCountry "HUN"]
[SourceTitle "EXT 2019"]
[Source "ChessBase"]
[SourceDate "2018.10.10"]
[SourceVersion "1"]
[SourceVersionDate "2018.10.10"]
[SourceQuality "1"]
[WhiteTeam "Barcza GSC"]
[BlackTeam "Penzugyor III"]
[WhiteTeamCountry "HUN"]
[BlackTeamCountry "HUN"]

1. e4 c5 2. Nf3 d6 3. d4 cxd4 4. Nxd4 Nf6 5. Nc3 a6 6. Be3 Ng4 7. Bg5 h6 8. Bh4 g5 9. Bg3 e5 10. Nb3 Nf6 11. f3 Be6 12. Qd2 Nc6 13. 0-0-0 Qc7 14. Nd5 Bxd5 15. exd5 Na7 16. h4 Rg8 17. Kb1 0-0-0 18. Bf2 Kb8 19. Be3 gxh4 20. Rxh4 h5 21. Qf2 Nc8 22. Rc4 Qd7 23. Rb4 Ka8 24. Na5 b5 25. Nc6 Nxd5 26. Rxd5 Qxc6 27. c4 Rd7 28. Bd3 Rb7 29. Be4 f5 30. Rdxb5 Qxe4+ 31. fxe4 axb5 32. Qxf5 Kb8 33. Rxb5 Rxb5 34. cxb5 Be7 35. Qd7 Bf6 36. Qe6 Rf8 37. Bh6 Bg7 38. Bxg7 1-0

[Event "Budapest-chT1 Lilienthal 1112"]
[Site "Budapest"]
[Date "2012.04.29"]
[Round "11"]
[White "Martin, Bela Jr"]
[Black "Vendeg, Balazs"]
[Result "1/2-1/2"]
[WhiteElo "2032"]
[BlackElo "1915"]
[PlyCount "50"]
[EventDate "2011.10.02"]
[EventType "team-tourn"]
[EventRounds "11"]
[EventCountry "HUN"]
[SourceTitle "EXT 2020"]
[Source "ChessBase"]
[SourceDate "2019.10.17"]
[SourceVersion "1"]
[SourceVersionDate "2019.10.17"]
[SourceQuality "1"]
[WhiteTeam "Barcza GSC"]
[BlackTeam "Hid Unio"]
[WhiteTeamCountry "HUN"]
[BlackTeamCountry "HUN"]

1. e4 c5 2. Nf3 Nc6 3. d4 cxd4 4. Nxd4 e5 5. Nb5 d6 6. c4 Be7 7. Be3 a6 8. N5c3 f5 9. exf5 Bxf5 10. Bd3 Be6 11. 0-0 Nf6 12. Nd5 0-0 13. Bb6 Qd7 14. Nbc3 Bd8 15. Be3 Rc8 16. Qd2 Kh8 17. Rac1 Nd4 18. Nxf6 Bxf6 19. Ne4 Be7 20. Bxd4 exd4 21. Be2 d5 22. cxd5 Qxd5 23. Bf3 Qxa2 24. Qxd4 Qa5 25. Qe3 Bd5 1/2-1/2

[Event "Budapest-chT1 Lilienthal 1112"]
[Site "Budapest"]
[Date "2011.12.04"]
[Round "4"]
[White "Martin, Bela Jr"]
[Black "Zoldy, Robert"]
[Result "1/2-1/2"]
[WhiteElo "2032"]
[BlackElo "1974"]
[PlyCount "49"]
[EventDate "2011.10.02"]
[EventType "team-tourn"]
[EventRounds "11"]
[EventCountry "HUN"]
[SourceTitle "EXT 2020"]
[Source "ChessBase"]
[SourceDate "2019.10.17"]
[SourceVersion "1"]
[SourceVersionDate "2019.10.17"]
[SourceQuality "1"]
[WhiteTeam "Barcza GSC"]
[BlackTeam "Budapest Ujpest KSE"]
[WhiteTeamCountry "HUN"]
[BlackTeamCountry "HUN"]

1. e4 e5 2. Nc3 Nf6 3. f4 d5 4. fxe5 Nxe4 5. Qf3 Nc6 6. Bb5 Bd7 7. Nxe4 Nd4 8. Bxd7+ Qxd7 9. Qd3 dxe4 10. Qxe4 Qc6 11. Qxc6+ Nxc6 12. Nf3 0-0-0 13. c3 Re8 14. 0-0 Nxe5 15. Nxe5 Rxe5 16. Rxf7 Re1+ 17. Rf1 Rxf1+ 18. Kxf1 Bd6 19. g3 h5 20. d4 h4 21. Kg2 hxg3 22. hxg3 Re8 23. Kf2 Rf8+ 24. Kg2 Re8 25. Kf2 1/2-1/2

[Event "Budapest-chT1 Lilienthal 1112"]
[Site "Budapest"]
[Date "2011.10.02"]
[Round "1"]
[White "Martin, Bela Jr"]
[Black "Dlauchy, Peter"]
[Result "1/2-1/2"]
[WhiteElo "2032"]
[BlackElo "1930"]
[PlyCount "30"]
[EventDate "2011.10.02"]
[EventType "team-tourn"]
[EventRounds "11"]
[EventCountry "HUN"]
[SourceTitle "EXT 2020"]
[Source "ChessBase"]
[SourceDate "2019.10.17"]
[SourceVersion "1"]
[SourceVersionDate "2019.10.17"]
[SourceQuality "1"]
[WhiteTeam "Barcza GSC"]
[BlackTeam "Budapest Vasas II"]
[WhiteTeamCountry "HUN"]
[BlackTeamCountry "HUN"]

1. e4 e6 2. d4 d5 3. Nd2 c5 4. exd5 exd5 5. Bb5+ Bd7 6. Qe2+ Qe7 7. Bxd7+ Nxd7 8. dxc5 Qxe2+ 9. Nxe2 Bxc5 10. Nb3 Bd6 11. 0-0 Ne7 12. Rd1 0-0 13. Bg5 Nb6 14. Nbd4 h6 15. Be3 Nc4 1/2-1/2

[Event "Budapest-chT1 Lilienthal 1011"]
[Site "Budapest"]
[Date "2010.12.12"]
[Round "6"]
[White "Smaraglay, Botond"]
[Black "Martin, Bela Jr"]
[Result "0-1"]
[WhiteElo "2047"]
[BlackElo "2059"]
[PlyCount "66"]
[EventDate "2010.09.19"]
[EventType "team-tourn"]
[EventRounds "11"]
[EventCountry "HUN"]
[SourceTitle "EXT 2020"]
[Source "ChessBase"]
[SourceDate "2019.10.17"]
[SourceVersion "1"]
[SourceVersionDate "2019.10.17"]
[SourceQuality "1"]
[WhiteTeam "Budapest HUSI II"]
[BlackTeam "Barcza GSC"]
[WhiteTeamCountry "HUN"]
[BlackTeamCountry "HUN"]

1. c4 c6 2. Nc3 Nf6 3. d4 d5 4. e3 a6 5. Nf3 b5 6. cxb5 cxb5 7. b4 e6 8. Qb3 Bd6 9. Bd2 Qe7 10. a4 Bxb4 11. axb5 a5 12. Na4 Nbd7 13. Bd3 Bxd2+ 14. Nxd2 0-0 15. f4 Ng4 16. Be2 Qh4+ 17. g3 Qh3 18. Nf3 Qg2 19. Kd2 Ndf6 20. Nc5 Nf2 21. Rhg1 N2e4+ 22. Kd3 Qh3 23. Bf1 Qf5 24. Ke2 Bd7 25. Nh4 Qg4+ 26. Ke1 Rfc8 27. Be2 Qh3 28. Bf1 Qxh2 29. Rg2 Qh1 30. Nf3 Nxc5 31. dxc5 Rxc5 32. Nh2 Bxb5 33. Kf2 Ne4+ 0-1

[Event "Budapest-chT1 Lilienthal 1011"]
[Site "Budapest"]
[Date "2010.10.31"]
[Round "3"]
[White "Miskolczi, Tamas"]
[Black "Martin, Bela Jr"]
[Result "1/2-1/2"]
[WhiteElo "1950"]
[BlackElo "2059"]
[PlyCount "105"]
[EventDate "2010.09.19"]
[EventType "team-tourn"]
[EventRounds "11"]
[EventCountry "HUN"]
[SourceTitle "EXT 2020"]
[Source "ChessBase"]
[SourceDate "2019.10.17"]
[SourceVersion "1"]
[SourceVersionDate "2019.10.17"]
[SourceQuality "1"]
[WhiteTeam "Budapest Vasas II"]
[BlackTeam "Barcza GSC"]
[WhiteTeamCountry "HUN"]
[BlackTeamCountry "HUN"]

1. e4 c5 2. g3 Nc6 3. Bg2 g6 4. Ne2 Bg7 5. 0-0 d6 6. h3 e6 7. f4 Nge7 8. d3 0-0 9. c3 f5 10. Be3 Qc7 11. Qb3 b5 12. Nd2 Rb8 13. Rab1 a5 14. Rfc1 Bd7 15. d4 c4 16. Qc2 fxe4 17. Nxe4 Nd5 18. Bf2 b4 19. Kh2 Nf6 20. Rf1 Nxe4 21. Qxe4 d5 22. Qe3 bxc3 23. bxc3 Rxb1 24. Rxb1 Rb8 25. Qc1 Rb6 26. Be3 Qb7 27. Rxb6 Qxb6 28. Qc2 Ne7 29. g4 Qb5 30. Bc1 a4 31. Kg3 Nc6 32. Qb2 Qxb2 33. Bxb2 Bf8 34. f5 g5 35. fxe6 Bxe6 36. Bc1 Be7 37. Kf3 Kg7 38. Be3 Kg6 39. Bf2 Na7 40. Ke3 Nb5 41. Kd2 h5 42. Bf3 h4 43. Ng1 Bd6 44. Bd1 Bf4+ 45. Kc2 Kf6 46. Ne2 Bc7 47. Be3 Bf7 48. Kc1 a3 49. Ba4 Nd6 50. Bc2 Bg6 51. Ng1 Bxc2 52. Kxc2 Ne4 53. Nf3 1/2-1/2

[Event "HUN-chT2 Erkel 0910"]
[Site "Hungary"]
[Date "2010.04.18"]
[Round "10.4"]
[White "Bauer, Peter2"]
[Black "Martin, Bela Jr"]
[Result "1/2-1/2"]
[WhiteElo "2160"]
[BlackElo "2082"]
[PlyCount "59"]
[EventDate "2009.11.08"]
[EventType "team-tourn"]
[EventRounds "11"]
[EventCountry "HUN"]
[SourceTitle "EXT 2011"]
[Source "ChessBase"]
[SourceDate "2010.11.26"]
[SourceVersion "1"]
[SourceVersionDate "2010.11.26"]
[SourceQuality "1"]
[WhiteTeam "Vaci"]
[BlackTeam "Barcza"]
[WhiteTeamCountry "HUN"]
[BlackTeamCountry "HUN"]

1. c4 c6 2. d4 d5 3. cxd5 cxd5 4. Nf3 Nf6 5. Nc3 a6 6. e3 Nc6 7. Ne5 e6 8. f4 Nxe5 9. fxe5 Nd7 10. Bd3 Qh4+ 11. g3 Qh3 12. Qf3 Bb4 13. Bd2 0-0 14. Bf1 Qh6 15. e4 dxe4 16. Qxe4 Qg6 17. Qxg6 hxg6 18. Bh3 Nb6 19. Ne4 Be7 20. 0-0 Bd7 21. Rfc1 Bc6 22. Bg2 Rac8 23. Ba5 Nd5 24. Nd6 Bxd6 25. exd6 f6 26. Bxd5 exd5 27. Re1 Rfe8 28. Rac1 Rxe1+ 29. Rxe1 Re8 30. Rc1 1/2-1/2

[Event "HUN-chT2 Erkel 0910"]
[Site "Hungary"]
[Date "2009.12.20"]
[Round "4.6"]
[White "Martin, Bela Jr"]
[Black "Horvath, Jeno Kalman"]
[Result "1/2-1/2"]
[WhiteElo "2082"]
[BlackElo "2016"]
[PlyCount "61"]
[EventDate "2009.11.08"]
[EventType "team-tourn"]
[EventRounds "11"]
[EventCountry "HUN"]
[SourceTitle "EXT 2011"]
[Source "ChessBase"]
[SourceDate "2010.11.26"]
[SourceVersion "1"]
[SourceVersionDate "2010.11.26"]
[SourceQuality "1"]
[WhiteTeam "Barcza"]
[BlackTeam "Foti"]
[WhiteTeamCountry "HUN"]
[BlackTeamCountry "HUN"]

1. e4 c5 2. c3 d5 3. exd5 Qxd5 4. d4 Nf6 5. Nf3 e6 6. a3 Nc6 7. Be3 cxd4 8. cxd4 Be7 9. Nc3 Qd6 10. Bd3 0-0 11. Qc2 h6 12. 0-0 a6 13. Rfd1 Nd5 14. Ne4 Qd8 15. Nc5 Bxc5 16. Qxc5 Qe7 17. Qc2 Bd7 18. Rac1 Rfc8 19. Qd2 Be8 20. Ne5 Nxe5 21. dxe5 Nxe3 22. Qxe3 Bc6 23. Be4 Bxe4 24. Qxe4 Rxc1 25. Rxc1 Rd8 26. h3 g6 27. Rc3 Kg7 28. Rb3 Rd7 29. Rd3 Rxd3 30. Qxd3 Qc5 31. Qe2 1/2-1/2

[Event "HUN-chT2 Erkel 0910"]
[Site "Hungary"]
[Date "2009.11.08"]
[Round "1.5"]
[White "Martin, Bela Jr"]
[Black "Nagy, Karoly"]
[Result "0-1"]
[WhiteElo "2082"]
[BlackElo "2127"]
[PlyCount "108"]
[EventDate "2009.11.08"]
[EventType "team-tourn"]
[EventRounds "11"]
[EventCountry "HUN"]
[SourceTitle "EXT 2011"]
[Source "ChessBase"]
[SourceDate "2010.11.26"]
[SourceVersion "1"]
[SourceVersionDate "2010.11.26"]
[SourceQuality "1"]
[WhiteTeam "Barcza"]
[BlackTeam "Jaszbereny"]
[WhiteTeamCountry "HUN"]
[BlackTeamCountry "HUN"]

1. e4 d6 2. d4 Nf6 3. Nc3 c6 4. a4 g6 5. g3 Bg7 6. Bg2 0-0 7. Nge2 Nbd7 8. 0-0 e5 9. h3 a5 10. Kh2 Re8 11. dxe5 dxe5 12. Be3 Qe7 13. f4 Qb4 14. Rb1 b6 15. Nc1 Ba6 16. Nd3 Bxd3 17. Qxd3 exf4 18. gxf4 Nc5 19. Bxc5 Qxc5 20. e5 Rad8 21. Qe2 Nh5 22. Ne4 Qb4 23. Kh1 f5 24. c3 Qxe4 25. Bxe4 Ng3+ 26. Kg2 Nxe2 27. Bxc6 Re7 28. Bb5 Rd2 29. Kf3 Nxf4 30. Kxf4 Bh6+ 31. Kf3 Rxe5 32. Rfe1 Rxe1 33. Rxe1 Rxb2 34. Re6 Rc2 35. c4 Rc3+ 36. Kg2 Be3 37. Re7 Bc5 38. Rd7 f4 39. Bc6 Rg3+ 40. Kh2 Be3 41. Kh1 Bc5 42. Kh2 Ra3 43. Bd5+ Kh8 44. Rf7 g5 45. Bc6 Ra2+ 46. Kh1 Be3 47. Rf5 h6 48. Rf7 Kg8 49. Bd5 Kh8 50. Bc6 Rb2 51. Rd7 Rb4 52. Bb5 f3 53. Rf7 Rb1+ 54. Kh2 Bf4+ 0-1

[Event "HUN-chT2 Breyer 0809"]
[Site "Hungary"]
[Date "2009.04.05"]
[Round "10"]
[White "Banszegi, Attila"]
[Black "Martin, Bela Jr"]
[Result "0-1"]
[WhiteElo "2085"]
[BlackElo "2035"]
[PlyCount "86"]
[EventDate "2008.10.26"]
[EventType "tourn"]
[EventRounds "11"]
[EventCountry "HUN"]
[SourceTitle "EXT 2010"]
[Source "ChessBase"]
[SourceDate "2010.11.25"]
[SourceVersion "1"]
[SourceVersionDate "2010.11.25"]
[SourceQuality "1"]
[WhiteTeam "Kisber Aszar"]
[BlackTeam "BEAC II"]
[WhiteTeamCountry "HUN"]
[BlackTeamCountry "HUN"]

1. e4 c5 2. Nf3 d6 3. d4 cxd4 4. Nxd4 Nf6 5. Nc3 g6 6. Be3 Bg7 7. Bc4 Nc6 8. Bb3 Ng4 9. Nxc6 bxc6 10. Bg5 0-0 11. h3 Ne5 12. Be3 Ba6 13. g4 Qc7 14. h4 Nc4 15. Bc1 Qa5 16. Rh3 d5 17. exd5 cxd5 18. Bxc4 Bxc4 19. Bd2 d4 20. Ne2 Qe5 21. Bf4 Qe6 22. Qd2 Rac8 23. Kf1 Qxg4 24. Rd3 Bxd3 25. cxd3 Qxh4 26. Kg2 Qg4+ 27. Ng3 Rc7 28. Bh6 Rfc8 29. Bxg7 Kxg7 30. Re1 Rc2 31. Qb4 Qf4 32. Ne4 Qg4+ 33. Ng3 Qf4 34. Ne4 e5 35. Rh1 h5 36. Rh3 h4 37. Qe7 R8c7 38. Qd8 Qg4+ 39. Kh2 Qf4+ 40. Kg2 g5 41. b4 Qg4+ 42. Kh2 Qf4+ 43. Kg2 g4 0-1

[Event "HUN-chT U18"]
[Site "Miskolc"]
[Date "2008.10.29"]
[Round "5.3"]
[White "Ignacz, Maria"]
[Black "Martin, Bela Jr"]
[Result "1/2-1/2"]
[WhiteElo "2227"]
[BlackElo "2035"]
[PlyCount "85"]
[EventDate "2008.10.27"]
[EventType "team-swiss"]
[EventRounds "8"]
[EventCountry "HUN"]
[SourceTitle "EXT 2016"]
[Source "ChessBase"]
[SourceDate "2015.10.08"]
[SourceVersion "1"]
[SourceVersionDate "2015.10.08"]
[SourceQuality "1"]

1. d4 d5 2. c4 Nc6 3. Nf3 Bg4 4. Nc3 e6 5. cxd5 exd5 6. Bf4 Bxf3 7. exf3 Bb4 8. Bb5 Nge7 9. 0-0 0-0 10. Rc1 a6 11. Ba4 Bd6 12. Qd2 Bxf4 13. Qxf4 Ng6 14. Qd2 Nce7 15. Bc2 c6 16. Ne2 Nc8 17. Bd3 Nd6 18. b3 Re8 19. Rfe1 Qd7 20. f4 Rad8 21. f3 Ne7 22. Nc3 Ng6 23. Na4 Rxe1+ 24. Rxe1 Re8 25. Nc5 Rxe1+ 26. Qxe1 Qe7 27. Qxe7 Nxe7 28. Kf2 g6 29. g4 f6 30. Ke3 Kf7 31. Kd2 Nec8 32. a4 Ke7 33. Bc2 Nb6 34. Ke3 Nd7 35. Nd3 Kf7 36. Kd2 Ke7 37. Kc3 Kd8 38. Nf2 Ke7 39. Nd1 Kf7 40. Ne3 Ke7 41. h4 Kf7 42. Nf1 Kg7 43. Ng3 1/2-1/2